000 00316 a2200157 4500
001 56860
020 _a8532515614
040 _cAnchieta - Pituba
100 _aGandolfi, Silvana
240 1 0 _aAldabra
_lpor
245 1 0 _aAldabra
300 _a167
362 0 _a2003
650 4 _aLiteratura juvenil
942 _cBK
999 _c56860
_d56860